00883nam a22002177a 4500003000900000008004100009020001500050040007100065082002300136100002700159245008400186260005800270300004400328440002800372505015600400650001300556650002100569650001300590700003400603700002800637AR-CdUCM190228b ||||| |||| 00| 0 spa d a9681619005 aMUNICIPALIDAD PROVINCIAL DEL CUSCOcBIBLIOTECA MUNICIPAL DEL CUSCO a133.430972 /bSE36 aSéjourné, Laurette aSupervivencias de un mundo mágico :bimágenes de cuatro pueblos mexicanos / aMéxico D. F :bFondo de Cultura Económica,c1953. a116 páginas ;bilustraciones,c20 cm. aLecturas Mexicanas.n86 aContenido: Conjuros y encantamientos -- El culto mágico de una Virgen -- Imagen de Zapotecas de hoy -- Muerte y brujería -- El mundo de lo sagrado. aMéxico aMagia indígena aRituales aCarrington, Leonora (dibujos) aA. O. R. (traducción)